[Event "ESP-ch U16"]
[Site "Mondariz"]
[Date "2005.07.11"]
[Round "1"]
[White "Valmana Canto, Jaime"]
[Black "Ferrol Muniz, Miguel"]
[Result "1/2-1/2"]
[WhiteElo "2223"]
[BlackElo "1950"]
[PlyCount "142"]
[EventDate "2005.07.11"]
[EventType "swiss"]
[EventRounds "8"]
[EventCountry "ESP"]
[SourceTitle "CBM 107 Extra"]
[Source "ChessBase"]
[SourceDate "2005.09.01"]
[SourceVersion "1"]
[SourceVersionDate "2005.09.01"]
[SourceQuality "1"]

1. e4 c5 2. Nf3 d6 3. d4 cxd4 4. Nxd4 Nf6 5. Nc3 a6 6. Bc4 Qc7 7. Bb3 e6 8. 0-0 b5 9. Re1 Nbd7 10. Bxe6 fxe6 11. Nxe6 Qb8 12. Nd5 Bb7 13. Nec7+ Kf7 14. Nxa8 Bxd5 15. exd5 Qxa8 16. a4 Qxd5 17. Qxd5+ Nxd5 18. axb5 axb5 19. Ra5 Be7 20. Rxb5 N5f6 21. Bf4 Rb8 22. Rxb8 Nxb8 23. Kf1 Nc6 24. c3 Nd5 25. Bg3 Nb6 26. Ke2 Ke6 27. Kd3+ Kd7 28. f3 Bf6 29. Kc2 Ne5 30. b3 Kc6 31. c4 h6 32. Bf2 Nbd7 33. Rd1 Nb8 34. Bd4 Nbd7 35. Ra1 Nc5 36. b4 Ne6 37. Ra6+ Kc7 38. Bxe5 Bxe5 39. g3 Nd4+ 40. Kd3 Nxf3 41. Ra2 Nd4 42. Ke4 Nc6 43. b5 Nb8 44. Kd5 Nd7 45. Ra7+ Kc8 46. Ra6 Kc7 47. Rc6+ Kb7 48. Rxd6 Bxd6 49. Kxd6 Nf6 50. c5 Ne4+ 51. Kd5 Nc3+ 52. Kc4 Ne4 53. Kd4 Nf6 54. Ke5 Ng4+ 55. Kd6 Nf6 56. Ke7 Ne4 57. c6+ Kc7 58. Kf7 Nc3 59. Kxg7 Nxb5 60. Kxh6 Nd4 61. g4 Kxc6 62. h4 Kd7 63. Kg7 Ne6+ 64. Kf7 Nd8+ 65. Kg7 Ke7 66. g5 Ne6+ 67. Kg8 Nf4 68. Kg7 Ne6+ 69. Kh7 Nf4 70. Kh6 Kf7 71. Kh7 Kf8 1/2-1/2